[Event "DRUZYNOWE MISTRZOSTWA POLSKI JUNIOROW - II LIGA"]
[Site "Szczyrk, CKiR Orle Gniazdo ul. Wrzosowa 28a"]
[Date "2014-07-31"]
[Round "9.1"]
[White "Madej, Roman"]
[Black "Tomaszewski, Kacper"]
[Result "0-1"]
[WhiteTitle "I"]
[BlackTitle "I++"]
[WhiteElo "1756"]
[BlackElo "2012"]

1. d4 Nf6 2. c4 g6 3. Nc3 d5 4. Qb3 dxc4 5. Qxc4 Bg7 6. e4 O-O 7. Nf3 Nc6 8. h3
e5 9. d5 Nd4 10. Qd3 Re8 11. Be2 Nxe2 12. Qxe2 c6 13. dxc6 bxc6 14. Be3 Qa5 15.
O-O Ba6 16. Qc2 Bxf1 17. Rxf1 Rac8 18. Nd2 Bf8 19. Nc4 Qa6 20. b3 c5 21. Bg5 h6
22. Bxf6 Qxf6 23. Nd5 Qe6 24. Nde3 Red8 25. f3 Bg7 26. Nd5 Bf6 27. Rd1 Bg5 28.
Rd3 Rd7 29. Qc3 f6 30. Qe1 f5 31. exf5 Qxf5 32. Qxe5 Rcd8 33. Qxf5 gxf5 34. f4
Rxd5 35. Rxd5 Rxd5 36. fxg5 hxg5 37. Kf2 Kf7 38. g3 Ke6 39. h4 gxh4 40. gxh4 Rd3
41. Kg2 Rc3 42. Kf2 0-1

[Event "DRUZYNOWE MISTRZOSTWA POLSKI JUNIOROW - II LIGA"]
[Site "Szczyrk, CKiR Orle Gniazdo ul. Wrzosowa 28a"]
[Date "2014-07-31"]
[Round "9.2"]
[White "Maj, Kornel"]
[Black "Golenia, Jan"]
[Result "1-0"]
[WhiteTitle "II"]
[BlackTitle "II+"]
[WhiteElo "1907"]
[BlackElo "1624"]

1. e4 c5 2. c3 d5 3. exd5 Qxd5 4. d4 Nf6 5. Nf3 Nc6 6. Be2 g6 7. Na3 cxd4 8. Nb5
Qd8 9. Bf4 Nd5 10. Bg3 a6 11. Nbxd4 Bd7 12. Bc4 Nb6 13. Bxf7+ Kxf7 14. Ng5+ Ke8
15. Qf3 Bf5 16. Nxf5 Qd5 17. Qxd5 Nxd5 18. Nd4 Nxd4 19. cxd4 Nb4 20. O-O Bh6 21.
Be5 Rg8 22. Nf3 Rd8 23. a3 Nd3 24. Bg3 g5 25. Rfd1 Nxb2 26. Rdb1 Nc4 27. Rxb7
Bg7 28. Rc1 Nxa3 29. Nxg5 Bh6 30. h4 Bxg5 31. hxg5 Nb5 32. Re1 Rd7 33. Rxd7 Kxd7
34. Bf4 Nc3 35. Re5 e6 36. Bd2 Nd5 37. Re1 Rc8 38. Ra1 Rc2 39. Be3 Rc6 40. Kf1
Kd6 41. Ke2 Rb6 42. Kf3 Rc6 43. Kg4 e5 44. dxe5+ Kxe5 45. f4+ Ke4 46. Bg1 Rc4
47. g3 Nc7 48. Bb6 Nd5 49. Rxa6 Rb4 50. Bc5 Rc4 51. Ba7 Rc7 52. Ra4+ Kd3 53. Rd4+
Ke2 54. Rxd5 Rxa7 55. Rd4 Ke3 56. Rb4 Kf2 57. Rb3 Ra4 58. Kh5 Kg2 59. Kh6 Kh3
60. Kxh7 Kg4 61. g6 Kf5 62. g7 Ra7 63. Rb5+ Kf6 64. Rg5 Rb7 65. Kh8 Rb2 66. g8=Q
Rh2+ 67. Qh7 Rxh7+ 68. Kxh7 Kf7 69. Rg6 Ke7 70. f5 Kd7 71. f6 Ke8 72. Rg7 Kd8
73. Kg8 Kc8 74. f7 Kd8 75. f8=Q# 1-0

[Event "DRUZYNOWE MISTRZOSTWA POLSKI JUNIOROW - II LIGA"]
[Site "Szczyrk, CKiR Orle Gniazdo ul. Wrzosowa 28a"]
[Date "2014-07-31"]
[Round "9.3"]
[White "Golenia, Wojciech"]
[Black "Bilczewski, Kacper"]
[Result "1-0"]
[WhiteTitle "II+"]
[BlackTitle "I"]
[WhiteElo "1700"]
[BlackElo "1834"]

1. e4 e6 2. d4 d5 3. Nd2 c5 4. Ngf3 cxd4 5. Nxd4 Bc5 6. N2b3 Bb6 7. Bb5+ Bd7 8.
exd5 Bxb5 9. Nxb5 exd5 10. O-O Ne7 11. Bf4 O-O 12. Qf3 Nbc6 13. Rad1 Qd7 14. c4
a6 15. Nd6 d4 16. c5 Ba7 17. Rc1 Ng6 18. Bg3 f5 19. Qd5+ Kh8 20. f3 Rad8 21. Rfd1
f4 22. Bf2 Nge7 23. Nf7+ Rxf7 24. Qxf7 Nf5 25. Qxd7 Rxd7 26. Re1 Ne3 27. Bxe3
fxe3 28. Rcd1 Rd8 29. g3 h6 30. Kf1 a5 31. a4 Bb8 32. f4 g5 33. Nxd4 Rxd4 34.
Rxd4 Nxd4 35. Rxe3 Nc6 36. fxg5 hxg5 37. Rd3 Be5 38. Rd7 Bxb2 39. Rxb7 Be5 40.
Rb6 Nd8 41. Ra6 Bc7 42. Rg6 Nf7 43. Ra6 Nd8 44. Rg6 Nf7 45. Re6 Kg7 46. Re7 Bd8
47. Rd7 Kf6 48. c6 Ke6 49. Rxd8 Nxd8 50. c7 Kd7 51. cxd8=Q+ Kxd8 52. h4 gxh4 53.
gxh4 Ke7 54. Ke2 Ke6 55. Kd3 Kd5 56. h5 Ke5 57. Kc4 Kf5 58. Kb5 1-0

[Event "DRUZYNOWE MISTRZOSTWA POLSKI JUNIOROW - II LIGA"]
[Site "Szczyrk, CKiR Orle Gniazdo ul. Wrzosowa 28a"]
[Date "2014-07-31"]
[Round "9.5"]
[White "Tracz, Marcelina"]
[Black "Bilczewska, Olga"]
[Result "1-0"]
[WhiteTitle "I++"]
[BlackTitle "II"]
[WhiteElo "1760"]
[BlackElo "1268"]

1. e4 e5 2. Nf3 Nc6 3. Bb5 Bc5 4. O-O Nf6 5. d3 d6 6. Be3 Bb6 7. Nbd2 O-O 8. c3
Bg4 9. h3 Be6 10. Re1 Ne7 11. d4 exd4 12. cxd4 c6 13. Bd3 d5 14. e5 Nd7 15. Ng5
h6 16. Nxe6 fxe6 17. Qg4 Nf5 18. Nf3 Kh8 19. Qg6 Qe7 20. g4 c5 21. gxf5 cxd4 22.
fxe6 Nf6 23. exf6 gxf6 24. Qxh6+ Kg8 25. Kh1 1-0

[Event "DRUZYNOWE MISTRZOSTWA POLSKI JUNIOROW - II LIGA"]
[Site "Szczyrk, CKiR Orle Gniazdo ul. Wrzosowa 28a"]
[Date "2014-07-31"]
[Round "9.6"]
[White "Stebel, Agata"]
[Black "Debowska, Michalina"]
[Result "1-0"]
[WhiteTitle "I"]
[BlackTitle "II"]
[WhiteElo "1616"]
[BlackElo "1453"]

1. d4 d5 2. c4 c6 3. Nc3 Nf6 4. cxd5 cxd5 5. Nf3 Nc6 6. Bf4 a6 7. Rc1 Bf5 8. e3
e6 9. Bd3 Bxd3 10. Qxd3 Bd6 11. Bxd6 Qxd6 12. O-O O-O 13. Na4 Ne4 14. Nc5 Nxc5
15. Rxc5 f6 16. Rfc1 Rfd8 17. Qb3 Qd7 18. h3 Rac8 19. Qc3 Na7 20. b4 Kf7 21. Qc2
g6 22. a4 Ke8 23. Qb3 b6 24. Rxc8 Rxc8 25. Rxc8+ Qxc8 26. b5 axb5 27. axb5 Qc4
28. Qa3 Nxb5 29. Qa8+ Ke7 30. Qh8 Qc1+ 31. Kh2 Qc7+ 32. g3 g5 33. Qxh7+ Kf8 34.
Qh8+ Ke7 35. Qg7+ Ke8 36. Qxf6 Qe7 37. Qe5 g4 38. hxg4 Nc7 39. g5 Qh7+ 40. Kg2
Kd7 41. Qf6 Ke8 42. g6 Qe7 43. Qh8+ 1-0

[Event "DRUZYNOWE MISTRZOSTWA POLSKI JUNIOROW - II LIGA"]
[Site "Szczyrk, CKiR Orle Gniazdo ul. Wrzosowa 28a"]
[Date "2014-07-31"]
[Round "9.7"]
[White "Knapik, Andrzej"]
[Black "Ogonowski, Jakub"]
[Result "1-0"]
[WhiteTitle "I"]
[BlackTitle "I+"]
[WhiteElo "1922"]
[BlackElo "1853"]

1. e4 c5 2. Nc3 d6 3. f4 Nc6 4. Nf3 Nf6 5. Bb5 a6 6. Bxc6+ bxc6 7. d3 g6 8. O-O
Bg7 9. Qe1 Qb6 10. Kh1 O-O 11. Qh4 Bg4 12. f5 gxf5 13. Rb1 fxe4 14. Ng5 h6 15.
Ngxe4 Nxe4 16. Nxe4 f5 17. Ng3 Rf7 18. h3 Bf6 19. Qxh6 Rh7 20. Qe3 Bd4 21. Qe6+
Kh8 22. Nxf5 Rg8 23. Bf4 Bxh3 24. gxh3 Rxh3+ 25. Bh2 Be5 26. Rf2 Qb4 27. Nxe7
Rg4 28. Ng6+ Kh7 29. Nxe5 1-0

[Event "DRUZYNOWE MISTRZOSTWA POLSKI JUNIOROW - II LIGA"]
[Site "Szczyrk, CKiR Orle Gniazdo ul. Wrzosowa 28a"]
[Date "2014-07-31"]
[Round "9.8"]
[White "Kaczkowski, Maciej"]
[Black "Adamczyk, Pawel"]
[Result "1/2-1/2"]
[WhiteTitle "II"]
[BlackTitle "II+"]
[WhiteElo "1635"]
[BlackElo "1746"]

1. e4 c5 2. Nc3 e6 3. f4 d5 4. Nf3 dxe4 5. Nxe4 Be7 6. Bc4 Nf6 7. Qe2 a6 8. a4
Nc6 9. d3 b6 10. O-O Bb7 11. Kh1 O-O 12. Bd2 Nd5 13. c3 Nc7 14. Ne5 Bd6 15. Nxd6
Qxd6 16. Rae1 Rad8 17. Qg4 b5 18. axb5 axb5 19. Ba2 Nxe5 20. fxe5 Qxd3 21. Be3
Qg6 22. Qxg6 hxg6 23. Bxc5 Rfe8 24. Bd6 Nd5 25. Bb1 Rc8 26. Bd3 Bc6 27. Ra1 Ra8
28. Be4 Red8 29. b3 Rdc8 30. Rxa8 Bxa8 31. Ra1 Kh7 32. h4 Bc6 33. c4 bxc4 34.
bxc4 Ne3 35. Bxc6 Rxc6 36. c5 Nd5 37. Ra7 Kg8 38. Ra8+ Kh7 39. Rb8 f6 40. Rb5
Kh6 41. Kh2 g5 42. hxg5+ Kxg5 43. Rb7 g6 44. exf6 Kxf6 45. Rb8 Kf5 46. Rf8+ Kg4
47. Re8 Kf5 48. Kg3 Nc3 49. Kf3 g5 50. Rf8+ Kg6 51. Ke3 Nb5 52. Be7 Rc7 53. Bd6
Nxd6 54. cxd6 Rd7 55. g4 Rxd6 56. Ke4 Kg7 57. Re8 Kf7 58. Ra8 Rb6 59. Ra4 Kf6
60. Rc4 Rb1 61. Ra4 Rf1 62. Ke3 Rb1 63. Kf3 Rb3+ 64. Kg2 Rd3 65. Re4 Rc3 66. Ra4
Re3 67. Kf2 Rd3 68. Re4 Rb3 69. Kg2 1/2-1/2

[Event "DRUZYNOWE MISTRZOSTWA POLSKI JUNIOROW - II LIGA"]
[Site "Szczyrk, CKiR Orle Gniazdo ul. Wrzosowa 28a"]
[Date "2014-07-31"]
[Round "9.9"]
[White "Pniaczek, Marek"]
[Black "Baum, Jonasz"]
[Result "1-0"]
[WhiteTitle "II+"]
[BlackTitle "II+"]
[WhiteElo "1585"]
[BlackElo "1632"]

1. e4 e5 2. Nf3 Nc6 3. Bb5 a6 4. Ba4 Nf6 5. d3 d6 6. Nc3 Bg4 7. Be3 Be7 8. h3 Bh5
9. O-O O-O 10. Qe2 h6 11. Rfe1 Nh7 12. g4 Bg6 13. Bxc6 bxc6 14. d4 exd4 15. Nxd4
Qd7 16. f4 Nf6 17. Qf3 c5 18. Nf5 h5 19. Rad1 hxg4 20. hxg4 Rfe8 21. Bxc5 Qc6
22. Bd4 Rab8 23. Nxe7+ Rxe7 24. Bxf6 gxf6 25. Nd5 Qc5+ 26. Qf2 Qxf2+ 27. Kxf2
Re6 28. f5 Re5 29. fxg6 Rxb2 30. gxf7+ Kxf7 31. Kf3 Rxc2 32. Rc1 Rxa2 33. Rxc7+
Kg6 34. Nf4+ Kg5 35. Rg7+ Kh6 36. Rg6+ Kh7 37. Rh1+ 1-0

[Event "DRUZYNOWE MISTRZOSTWA POLSKI JUNIOROW - II LIGA"]
[Site "Szczyrk, CKiR Orle Gniazdo ul. Wrzosowa 28a"]
[Date "2014-07-31"]
[Round "9.10"]
[White "Czernek, Tymon"]
[Black "Kucharska, Honorata"]
[Result "1-0"]
[WhiteTitle "II"]
[BlackTitle "I+"]
[WhiteElo "1508"]
[BlackElo "1718"]

1. e4 e6 2. d4 d5 3. Nc3 Nf6 4. Bg5 Be7 5. e5 Nfd7 6. Bxe7 Qxe7 7. f4 a6 8. Nf3
c5 9. dxc5 Nxc5 10. Qd2 Nc6 11. Bd3 b5 12. O-O Bb7 13. Rae1 Rd8 14. a3 h6 15.
b4 Nd7 16. f5 Nb6 17. Qf2 Nc4 18. Bxc4 dxc4 19. Ne4 Rd7 20. f6 gxf6 21. Nxf6+
Kf8 22. Nxd7+ Qxd7 23. Rd1 Qe7 24. Nd4 Nxd4 25. Rxd4 Bd5 26. Rf4 Rh7 27. g3 Ba8
28. Rf6 Qb7 29. Qc5+ Kg8 30. Kf2 h5 31. Ke1 Rg7 32. Qd6 Qe4+ 33. Kd2 Bd5 34. R1f4
Qg2+ 35. Kc3 Qe2 36. Qd8+ Kh7 37. Rh6+ Kxh6 38. Qh8+ 1-0

[Event "DRUZYNOWE MISTRZOSTWA POLSKI JUNIOROW - II LIGA"]
[Site "Szczyrk, CKiR Orle Gniazdo ul. Wrzosowa 28a"]
[Date "2014-07-31"]
[Round "9.11"]
[White "Kasperek, Kinga"]
[Black "Reda, Lucja"]
[Result "1/2-1/2"]
[WhiteTitle "I"]
[BlackTitle "II"]
[WhiteElo "1559"]
[BlackElo "1244"]

1. c4 e6 2. g3 Nf6 3. Bg2 d5 4. Nf3 Nbd7 5. d3 Be7 6. O-O O-O 7. Nc3 b6 8. b3 Bb7
9. Bb2 c6 10. Rc1 Rc8 11. e3 Re8 12. Qe2 c5 13. Rfd1 a6 14. e4 d4 15. Nb1 e5 16.
Nbd2 Qc7 17. a3 Rb8 18. Rc2 Rec8 19. Rb1 Qd8 20. Bc1 Ba8 21. Nf1 Bd6 22. Bg5 h6
23. Bd2 Nf8 24. b4 Ng6 25. b5 a5 26. a4 Qe7 27. Bc1 Rc7 28. N1d2 Bb7 29. Bb2 Bc8
30. Rcc1 Bd7 31. Ba1 Rcc8 32. Nb3 Ra8 33. Bb2 Ra7 34. Rd1 Qe8 35. Re1 Qe7 36.
Red1 Qe8 37. Re1 Qe7 38. Red1 Qe8 39. Re1 Qe7 40. Red1 Qe8 41. Re1 Qe7 1/2-1/2

[Event "DRUZYNOWE MISTRZOSTWA POLSKI JUNIOROW - II LIGA"]
[Site "Szczyrk, CKiR Orle Gniazdo ul. Wrzosowa 28a"]
[Date "2014-07-31"]
[Round "9.12"]
[White "Reda, Patrycja"]
[Black "Pyzio, Amelia"]
[Result "1/2-1/2"]
[WhiteTitle "I"]
[BlackTitle "I"]
[WhiteElo "1432"]
[BlackElo "1370"]

1. e4 e6 2. d4 d5 3. exd5 exd5 4. Bd3 Bd6 5. Nf3 Ne7 6. Be3 Nbc6 7. O-O Nb4 8.
Bb5+ Bd7 9. Bxd7+ Qxd7 10. c3 Nbc6 11. Nbd2 O-O 12. Nh4 Ng6 13. Nxg6 hxg6 14.
f4 f6 15. Qf3 Ne7 16. Rae1 c6 17. Bf2 Rae8 18. Bg3 Rf7 19. Re2 Nf5 20. Rxe8+ Qxe8
21. Bf2 Bc7 22. h4 Re7 23. g4 Nd6 24. h5 gxh5 25. gxh5 Nf7 26. Rd1 Nh6 27. Kf1
Qd7 28. Be3 Ng4 29. Bg1 Qf5 30. Re1 Rxe1+ 31. Kxe1 Qxf4 32. Qxf4 Bxf4 33. b3 Nh2
34. Bxh2 Bxh2 35. Nf1 Bf4 36. Ke2 Kf7 37. Kf3 Bg5 38. c4 Ke6 39. Ng3 Bh4 40. Ne2
Bg5 41. Kg4 Kf7 42. Kf5 Be3 43. cxd5 cxd5 44. Nc3 Bxd4 45. Nxd5 Bc5 46. Nc3 b6
47. Ne4 a5 48. Nc3 Bf2 49. Ne4 Bc5 50. Nc3 Bf2 51. Ne4 Bc5 52. Nc3 Ba3 53. Nb5
Bc5 54. Nc3 Bf2 55. Ne4 1/2-1/2

[Event "DRUZYNOWE MISTRZOSTWA POLSKI JUNIOROW - II LIGA"]
[Site "Szczyrk, CKiR Orle Gniazdo ul. Wrzosowa 28a"]
[Date "2014-07-31"]
[Round "9.13"]
[White "Ulanowski, Karol"]
[Black "Ziabek, Patryk"]
[Result "1-0"]
[WhiteTitle "k"]
[BlackTitle "I"]
[WhiteElo "2124"]
[BlackElo "1896"]

1. e4 e5 2. Nf3 Nc6 3. Bc4 Bc5 4. O-O Nf6 5. d4 Bxd4 6. Nxd4 Nxd4 7. f4 d6 8. fxe5
dxe5 9. Bg5 Be6 10. Na3 Qe7 11. Bxf6 gxf6 12. c3 Bxc4 13. Nxc4 Ne6 14. b4 Rg8
15. Qa4+ Kf8 16. Ne3 Nf4 17. Kh1 Qe6 18. Rad1 c6 19. b5 cxb5 20. Qxb5 Qb6 21.
Qxb6 axb6 22. g3 Nh5 23. Nf5 Rg4 24. Rd7 Ng7 25. Nh6 Rg6 26. Rxf7+ Ke8 27. R7xf6
Rxa2 28. Rxg6 hxg6 29. Rf6 Rc2 30. Rxg6 Kf8 31. Rf6+ Ke8 32. Rxb6 Rxc3 33. Rxb7
Ne6 34. Ng4 Ng5 35. Rb5 Rc1+ 36. Kg2 Rc2+ 37. Nf2 Nf7 38. h4 Ke7 39. Rd5 Ke6 40.
Kf3 Nd6 41. Rd3 Nc4 42. g4 Nd2+ 43. Kg3 Nf1+ 44. Kg2 Nd2 45. Re3 Nc4 46. Re1 Kf6
47. Ra1 Nd2 48. Ra6+ Kf7 49. Ra7+ Ke6 50. Ra4 Kf6 51. g5+ Kg6 52. Ra6+ Kg7 53.
Nd3 Nxe4+ 54. Kf3 Nd2+ 55. Kg4 Rc4+ 56. Kf5 Rxh4 57. Ra7+ Kf8 58. Nxe5 Rh1 59.
Nd7+ 1-0

[Event "DRUZYNOWE MISTRZOSTWA POLSKI JUNIOROW - II LIGA"]
[Site "Szczyrk, CKiR Orle Gniazdo ul. Wrzosowa 28a"]
[Date "2014-07-31"]
[Round "9.14"]
[White "Janiszewski, Filip"]
[Black "Wyczling, Bartosz"]
[Result "0-1"]
[WhiteTitle "I"]
[BlackTitle "I"]
[WhiteElo "1825"]
[BlackElo "1766"]

1. e4 c5 2. Nf3 Nc6 3. d4 cxd4 4. Nxd4 Nf6 5. Nc3 e5 6. Ndb5 d6 7. Bg5 a6 8. Na3
b5 9. Nd5 Be7 10. Bxf6 Bxf6 11. c3 Bg5 12. Nc2 O-O 13. a4 bxa4 14. Rxa4 a5 15.
Bc4 Rb8 16. b3 Kh8 17. O-O f5 18. exf5 Bxf5 19. Nce3 Bg6 20. Qe2 e4 21. f4 exf3
22. Rxf3 Rxf3 23. Qxf3 Ne5 24. Qd1 Nd7 25. Qd4 Nc5 26. Ra3 Ne6 27. Qg4 Nc7 28.
Nf4 Qe7 29. Nxg6+ hxg6 30. Nc2 d5 31. Bd3 Qc5+ 32. Qd4 Qd6 33. b4 axb4 34. cxb4
Ne6 35. Qg4 Qe5 36. h4 Be3+ 37. Kh1 Nf4 38. Bxg6 Nxg6 39. Rxe3 Qf6 40. Qh5+ Kg8
41. Qxd5+ Kh8 42. Rf3 Qb6 43. Rf5 Nf8 44. Rh5+ Nh7 45. Qf5 g6 46. Qe5+ Kg8 47.
Qd5+ Kh8 48. Re5 Qf2 49. Qe4 Nf6 50. Qxg6 Qf1+ 51. Kh2 Qf4+ 52. Kg1 Qxe5 53. Qh6+
Kg8 54. Qg6+ Kh8 55. Qh6+ Nh7 56. Qd2 Qb2 57. Kh2 Rc8 0-1

[Event "DRUZYNOWE MISTRZOSTWA POLSKI JUNIOROW - II LIGA"]
[Site "Szczyrk, CKiR Orle Gniazdo ul. Wrzosowa 28a"]
[Date "2014-07-31"]
[Round "9.15"]
[White "Belczewski, Jacek"]
[Black "Dixa, Oskar"]
[Result "1/2-1/2"]
[WhiteTitle "I"]
[BlackTitle "I"]
[WhiteElo "1753"]
[BlackElo "1496"]

1. d4 Nf6 2. c4 e6 3. Nc3 Bb4 4. Qc2 O-O 5. Bg5 d6 6. e3 Nc6 7. Bd3 Bxc3+ 8. Qxc3
Qe7 9. Ne2 h6 10. Bh4 Re8 11. O-O-O Ne4 12. Bxe4 Qxh4 13. Bf3 e5 14. Bxc6 bxc6
15. Ng3 Qf6 16. Rhf1 a5 17. Ne2 Ba6 18. Rd2 exd4 19. Nxd4 d5 20. Rfd1 a4 21. cxd5
cxd5 22. Nc6 Qxc3+ 23. bxc3 Bc4 24. Nb4 c6 25. Kb2 a3+ 26. Ka1 Rec8 27. h3 Kf8
28. Rb1 Rab8 29. g3 f6 30. Rbd1 Kf7 31. Nc2 Ra8 32. Nd4 Rab8 33. Nf5 Kf8 34. Nd6
Rc7 35. Nxc4 dxc4 36. Rd8+ Rxd8 37. Rxd8+ Ke7 38. Ra8 Rd7 39. Rxa3 Rd1+ 40. Kb2
Rd2+ 41. Kb1 Rxf2 42. Ra4 Rf3 43. Rxc4 Rxg3 44. Rxc6 Rxe3 45. Rc7+ Ke6 46. Rxg7
Rxc3 47. Kb2 Rxh3 48. a4 Rh5 49. Rh7 Ra5 50. Rxh6 1/2-1/2

[Event "DRUZYNOWE MISTRZOSTWA POLSKI JUNIOROW - II LIGA"]
[Site "Szczyrk, CKiR Orle Gniazdo ul. Wrzosowa 28a"]
[Date "2014-07-31"]
[Round "9.16"]
[White "Skurniak, Szymon"]
[Black "Lipiak, Mateusz"]
[Result "1/2-1/2"]
[WhiteTitle "II+"]
[BlackTitle "I"]
[WhiteElo "1351"]
[BlackElo "1541"]

1. e4 Nf6 2. e5 Nd5 3. d4 d6 4. c4 Nb6 5. exd6 exd6 6. Nc3 Nc6 7. Nf3 Bg4 8. b3
Be7 9. Be2 Bf6 10. Be3 O-O 11. O-O d5 12. c5 Nc8 13. Qd2 N8e7 14. Ne5 Nxe5 15.
dxe5 Bxe5 16. Bxg4 d4 17. Bxd4 Qxd4 18. Qxd4 Bxd4 19. Rac1 c6 20. Na4 Ng6 21.
Rfd1 Rad8 22. Rc4 Bf6 23. Rc2 Ne5 24. Be2 Rxd1+ 25. Bxd1 Rd8 26. Be2 Nd3 27. Rd2
Nc1 28. Rxd8+ Bxd8 29. Bg4 Nxa2 30. Bc8 Nc1 31. Bxb7 Nxb3 32. Bxc6 Be7 33. Bd5
Nxc5 34. Nxc5 Bxc5 35. Kf1 Kf8 36. Ke2 Ke7 37. f3 f6 38. Kd3 Kd6 39. Bg8 h6 40.
Ke4 a5 41. Kf5 Ke7 42. Kg6 Kf8 43. Bb3 Bg1 44. h3 Be3 45. Ba4 Bg5 46. g3 Be3 47.
f4 Bf2 48. g4 Be3 49. f5 Bg5 50. Bb3 Bf4 51. Ba4 Be3 52. Bb3 Bg5 53. Ba4 Ke7 54.
Kxg7 Kd6 55. Kg6 Ke5 56. Kh5 Be3 57. h4 Bd2 58. Bb3 Be3 59. Ba4 Bd2 60. Bb3 Be3
61. Ba4 Bd2 62. Bb3 Be3 63. Ba4 Bc1 64. Bb3 1/2-1/2

[Event "DRUZYNOWE MISTRZOSTWA POLSKI JUNIOROW - II LIGA"]
[Site "Szczyrk, CKiR Orle Gniazdo ul. Wrzosowa 28a"]
[Date "2014-07-31"]
[Round "9.17"]
[White "Olechnicka, Karolina"]
[Black "Gudelajtis, Anna"]
[Result "1-0"]
[WhiteTitle "I++"]
[BlackTitle "I"]
[WhiteElo "1723"]
[BlackElo "1507"]

1. e4 d5 2. exd5 Qxd5 3. Nc3 Qd6 4. d4 Nf6 5. Bd3 c6 6. Nge2 Bg4 7. f3 Bh5 8. Bf4
Qd8 9. Qd2 e6 10. O-O-O Bd6 11. Ne4 Nxe4 12. fxe4 Qc7 13. Bxd6 Qxd6 14. Qg5 Bg6
15. Nf4 Nd7 16. d5 cxd5 17. exd5 e5 18. Rhe1 a6 19. Bxg6 hxg6 20. Ne6 Rh7 21.
h4 Rc8 22. h5 Qe7 23. Qg3 g5 24. Nxg5 Rxh5 25. Ne4 g6 26. Rh1 Rf5 27. Rh8+ Nf8
28. d6 Qd7 29. Nf6+ Rxf6 30. Qxe5+ Re6 31. Rxf8+ Kxf8 32. Qh8# 1-0

[Event "DRUZYNOWE MISTRZOSTWA POLSKI JUNIOROW - II LIGA"]
[Site "Szczyrk, CKiR Orle Gniazdo ul. Wrzosowa 28a"]
[Date "2014-07-31"]
[Round "9.18"]
[White "Wawrzyniak, Weronika"]
[Black "Zalewska, Katarzyna"]
[Result "0-1"]
[WhiteTitle "II"]
[BlackTitle "I"]
[WhiteElo "1216"]
[BlackElo "1360"]

1. d4 Nf6 2. c4 e6 3. a3 d5 4. Nc3 Be7 5. Bg5 Nbd7 6. e3 h6 7. Bh4 c6 8. Nf3 g5
9. Bg3 Nh5 10. Bd3 Nxg3 11. hxg3 Nb6 12. b3 dxc4 13. bxc4 c5 14. Be2 cxd4 15.
Qxd4 Qxd4 16. exd4 Bd7 17. Nb5 Bxb5 18. cxb5 O-O-O 19. Ne5 Rh7 20. Ng4 Rxd4 21.
Rxh6 Rxh6 22. Nxh6 f5 23. Ng8 Bf8 24. Rc1+ Kd7 25. Nf6+ Ke7 26. Nh5 Nd5 27. Bf3
Kf7 28. g4 fxg4 29. Be2 Bxa3 30. Ra1 Bb4+ 31. Kf1 Bc5 32. Ng3 Rf4 33. f3 Ne3+
34. Kg1 Nc2+ 35. Kh2 Nxa1 36. fxg4 Nc2 37. Bf3 Nd4 38. Bxb7 Rxg4 39. Ne4 Rh4+
40. Kg1 Nf3+ 41. Kf1 Rxe4 42. Bxe4 Nd2+ 43. Ke2 Nxe4 44. Kd3 Nd6 45. g3 Nxb5 46.
Kc4 Bf2 47. Kxb5 Bxg3 48. Ka6 e5 49. Kxa7 e4 50. Kb6 e3 51. Kc5 e2 52. Kd4 e1=Q
53. Kd5 Qe5+ 54. Kc4 Bf2 55. Kd3 Qe3+ 56. Kc4 Qd4+ 57. Kb3 Qc5 58. Kb2 Bd4+ 59.
Kb3 Qc3+ 60. Ka4 Qb2 61. Ka5 Bc5 62. Ka6 Qb6# 0-1

[Event "DRUZYNOWE MISTRZOSTWA POLSKI JUNIOROW - II LIGA"]
[Site "Szczyrk, CKiR Orle Gniazdo ul. Wrzosowa 28a"]
[Date "2014-07-31"]
[Round "9.19"]
[White "Tomczak, Mikolaj"]
[Black "Klimek, Marcin"]
[Result "1-0"]
[WhiteTitle "k"]
[BlackTitle "I"]
[WhiteElo "2158"]
[BlackElo "1800"]

1. d4 e6 2. c4 f5 3. Nf3 Nf6 4. g3 b6 5. Bg2 Bb7 6. O-O Be7 7. d5 O-O 8. Nc3 exd5
9. cxd5 Bb4 10. Ne1 Bxc3 11. bxc3 d6 12. Nc2 Qe7 13. Nd4 Bc8 14. Qd3 Ne4 15. Be3
Na6 16. Nxf5 Bxf5 17. Qxa6 Nxc3 18. Rfc1 Ne4 19. Rc6 Nc5 20. Bxc5 dxc5 21. Qb7
Qe5 22. Rf1 Rac8 23. Kh1 Bd7 24. f4 Bxc6 25. Qxc8 Qd6 26. Qe6+ Qxe6 27. dxe6 Bb5
28. Rd1 Re8 29. f5 Bxe2 30. Rd7 Bc4 31. Bc6 Kf8 32. Rf7+ 1-0

[Event "DRUZYNOWE MISTRZOSTWA POLSKI JUNIOROW - II LIGA"]
[Site "Szczyrk, CKiR Orle Gniazdo ul. Wrzosowa 28a"]
[Date "2014-07-31"]
[Round "9.20"]
[White "Klimek, Piotr"]
[Black "Pilzak, Marcin"]
[Result "0-1"]
[WhiteTitle "I"]
[BlackTitle "I++"]
[WhiteElo "1839"]
[BlackElo "1974"]

1. e4 e6 2. d4 d5 3. exd5 exd5 4. c4 Be7 5. Nf3 Nf6 6. Bd3 O-O 7. O-O dxc4 8. Bxc4
Nbd7 9. Nc3 Nb6 10. Bb3 c6 11. Qd3 Nbd5 12. a3 Qc7 13. Bg5 Be6 14. Rfe1 Rad8 15.
Bc2 g6 16. Nh4 Ng4 17. Nf3 Bxg5 18. h3 Nf4 19. Qd1 Bf6 20. hxg4 Bxg4 21. Re4 Bg7
22. Ne2 Bxf3 23. gxf3 Nxe2+ 24. Qxe2 Bxd4 25. Re7 Qg3+ 26. Kf1 Qh2 27. Ke1 Bxb2
0-1

[Event "DRUZYNOWE MISTRZOSTWA POLSKI JUNIOROW - II LIGA"]
[Site "Szczyrk, CKiR Orle Gniazdo ul. Wrzosowa 28a"]
[Date "2014-07-31"]
[Round "9.21"]
[White "Nowak, Mikolaj"]
[Black "Raclawicki, Kacper"]
[Result "1/2-1/2"]
[WhiteTitle "I"]
[BlackTitle "I"]
[WhiteElo "1717"]
[BlackElo "1540"]

1. e4 e6 2. d4 d5 3. exd5 exd5 4. Bd3 Nc6 5. c3 Bd6 6. Nf3 Bg4 7. O-O Nge7 8. Bg5
f6 9. Be3 Qd7 10. Nbd2 O-O-O 11. b4 g5 12. Qa4 Bxf3 13. Nxf3 Ne5 14. Qd1 Nxd3
15. Qxd3 Nf5 16. a4 Nh4 17. Nxh4 gxh4 18. Qe2 Rhg8 19. Qf3 Rg6 20. Kh1 f5 21.
Bf4 Bxf4 22. Qxf4 Rg4 23. Qf3 Re8 24. Rae1 Rge4 25. Re3 Qe6 26. Rfe1 Qg6 27. Rxe4
Rxe4 28. Re3 h5 29. Kg1 Rxe3 30. Qxe3 f4 31. Qe2 Qb1+ 32. Qf1 Qe4 33. h3 c6 34.
Qd1 Qf5 35. Qe2 Kd7 36. Kh2 Kd8 37. b5 cxb5 38. Qxb5 f3 39. gxf3 Qxf3 40. Kg1
Qxh3 41. Qxd5+ Kc7 42. Qe5+ Kc8 43. Qxh5 Qxc3 44. Qc5+ Qxc5 45. dxc5 Kc7 46. Kh2
Kc6 47. Kh3 Kxc5 48. Kxh4 Kd6 49. Kg5 Ke7 50. Kg6 Kf8 51. Kf6 b6 52. Ke6 a6 53.
Kd5 Kf7 54. Kc6 b5 55. axb5 axb5 56. Kxb5 Kf6 57. Kc4 Kf5 1/2-1/2

[Event "DRUZYNOWE MISTRZOSTWA POLSKI JUNIOROW - II LIGA"]
[Site "Szczyrk, CKiR Orle Gniazdo ul. Wrzosowa 28a"]
[Date "2014-07-31"]
[Round "9.22"]
[White "Paliszewski, Dominik"]
[Black "Dembinski, Bartosz"]
[Result "1-0"]
[WhiteTitle "II"]
[BlackTitle "II"]
[WhiteElo "1621"]
[BlackElo "1261"]

1. e4 e5 2. Nf3 Nc6 3. Bb5 Bc5 4. c3 Bb6 5. d3 d6 6. h3 h6 7. Nbd2 Nge7 8. Nf1
Be6 9. Qe2 a6 10. Ba4 Qd7 11. Ng3 Ba7 12. Nh5 Rh7 13. Be3 Bxe3 14. Qxe3 b5 15.
Bc2 O-O-O 16. Rd1 Qe8 17. g4 f5 18. gxf5 Bxf5 19. Ng3 Be6 20. d4 Bf7 21. d5 Nb8
22. a4 Qg8 23. axb5 axb5 24. Qa7 Rh8 25. Ra1 Nxd5 26. exd5 Bxd5 27. Bf5+ Be6 28.
Bxe6+ Qxe6 29. Qe3 e4 30. Nd4 Qc4 31. b3 Qd5 32. Ngf5 Qf7 33. Qf4 Rhf8 34. Qg4
Rd7 35. Rg1 c5 36. Nxd6+ 1-0

[Event "DRUZYNOWE MISTRZOSTWA POLSKI JUNIOROW - II LIGA"]
[Site "Szczyrk, CKiR Orle Gniazdo ul. Wrzosowa 28a"]
[Date "2014-07-31"]
[Round "9.23"]
[White "Glapa, Anna"]
[Black "Kopica, Paulina"]
[Result "1-0"]
[WhiteTitle "I++"]
[BlackTitle "I"]
[WhiteElo "1680"]
[BlackElo "1697"]

1. e4 c5 2. Nf3 Nc6 3. d4 cxd4 4. Nxd4 Nf6 5. Nc3 d6 6. f3 e5 7. Nb3 Be7 8. Be3
O-O 9. Qd2 a5 10. Bb5 Na7 11. Be2 Bd7 12. O-O a4 13. Nc1 a3 14. b3 Be6 15. Rd1
Nc6 16. Nd5 Ne8 17. Nb6 Rb8 18. Nc4 Bxc4 19. Bxc4 Kh8 20. Ne2 f5 21. exf5 Rxf5
22. Ng3 Rf8 23. Ne4 Qc7 24. Nc3 Qd8 25. Ne4 Qc7 26. Bg5 Nd4 27. c3 Nf5 28. Kh1
Rd8 29. Qc1 h6 30. Bxe7 Nxe7 31. Qxa3 Nf6 32. Nxd6 Kh7 33. h3 Nc6 34. Nb5 Qb6
35. Bd3+ Kh8 36. Qb2 Rxd3 37. Rxd3 Qxb5 38. Rad1 e4 39. Re3 Qc5 40. Rde1 exf3
41. Rxf3 Qg5 42. Qf2 Rd8 43. Rfe3 Qg6 44. Qe2 Kh7 45. a4 Qf7 46. Qc2+ Kg8 47.
b4 Qd5 48. b5 Na5 49. Re7 Qd3 50. Qa2+ Qd5 51. Qb1 Rd7 52. Rxd7 Qxd7 53. Rd1 Qc7
54. Qb4 Nc4 55. Qb3 Kh8 56. Rd4 Ne5 57. c4 b6 58. Qb4 Ned7 59. Qd2 Nc5 60. Rd8+
Kh7 61. Qc2+ g6 62. Qd1 Ncd7 63. Ra8 Qxc4 64. Ra7 Qe6 65. Rc7 h5 66. Rc6 Qf5 67.
Qe1 Qe4 68. Qa1 Kg7 69. a5 bxa5 70. Qxa5 Qe2 71. Qb4 Qe4 72. Qa5 Qd5 73. Qb4 Kf7
74. Rd6 Qb7 75. Qb3+ Kg7 76. b6 Qb8 77. Qe6 Qg8 78. Rxd7+ Nxd7 79. Qxd7+ Kh6 80.
b7 Qf8 81. Qc7 1-0